ट्वेंटी-20 क्रिकेटः (Record no. 36147)

MARC details
000 -LEADER
fixed length control field 01440nam a22002777a 4500
005 - DATE AND TIME OF LATEST TRANSACTION
control field 20100517095936.0
008 - FIXED-LENGTH DATA ELEMENTS--GENERAL INFORMATION
fixed length control field 100517t xxu||||| |||| 00| 0 hin d
010 ## - LCCN (DPL NO)
LC control number HIN-89351
020 ## - INTERNATIONAL STANDARD BOOK NUMBER
International Standard Book Number 9788170288480
Terms of availability 165.00
035 ## - SYSTEM CONTROL NUMBER
System control number HN-61697
037 ## - SOURCE OF ACQUISITION
Source of stock number/acquisition DBAD /PUB
040 ## - CATALOGING SOURCE
Original cataloging agency DPL
Language of cataloging HN
082 ## - DEWEY DECIMAL CLASSIFICATION NUMBER
Classification number 796.358
100 ## - MAIN ENTRY--PERSONAL NAME
Personal name बुकैनन, जॉन
9 (RLIN) 21802
245 ## - TITLE STATEMENT
Title ट्वेंटी-20 क्रिकेटः
Statement of responsibility, etc जॉन बुकैनन; महेन्द्र कुलश्रेष्ठ द्वारा अनुदित
Remainder of title एक नई क्रान्ति /
246 ## - VARYING FORM OF TITLE
Title proper/short title Twenty-20 Cricket: Ek Nai Kranti/
Remainder of title by John Buchanan
260 ## - PUBLICATION, DISTRIBUTION, ETC. (IMPRINT)
Place of publication, distribution, etc दिल्ली
Name of publisher, distributor, etc राजपाल एंड संज
Date of publication, distribution, etc 2010
270 ## - ADDRESS
Address कश्मीरी गेट
City दिल्ली
Postal code 110006
300 ## - PHYSICAL DESCRIPTION
Extent 176पृ
Dimensions 22सेमी (सजिल्द)
500 ## - GENERAL NOTE
General note (संस्कत के प्रसिद्ध नाटक मृच्छकटिकम् का हिन्दी रूपान्तर)
500 ## - GENERAL NOTE
General note संस्कृत के कालजयी अमर ग्रंथ
700 ## - ADDED ENTRY--PERSONAL NAME
Personal name कुलश्रेष्ठ, महेन्द्र
9 (RLIN) 21803
942 ## - ADDED ENTRY ELEMENTS (KOHA)
Source of classification or shelving scheme Dewey Decimal Classification
Item type Hindi Books
Call number suffix बुकैन
Holdings
Withdrawn status Lost status Source of classification or shelving scheme Damaged status Not for loan Collection code Home library Current library Date acquired Source of acquisition Cost, normal purchase price Total Checkouts Full call number Barcode Date last seen Copy number Cost, replacement price Koha item type
    Dewey Decimal Classification   Not For Loan Non-fiction D.B.Act.Division D.B.Act.Division 17/05/2010 DBAD / PUB 165.00   बुकैन HN-61697 17/05/2010 1 165.00 Hindi Books

© Delhi Public Library
Hit Counter
free hit counter